| 000 | 00581nam a22001577a 4500 | ||
|---|---|---|---|
| 999 |
_c534211 _d534211 |
||
| 020 | _qHard Cover. | ||
| 082 | _a620.44 | ||
| 100 | _aTariq, Asra | ||
| 245 |
_aReactive Extrusion Process for Maleic Anhydride Fictionalization of Polypropylene and its Applications as Compatibilizer to Develop PET Blends _cAsra Tariq. |
||
| 260 |
_aIslamabad : _bSCME - NUST, _c2017. |
||
| 300 | _c30cm. | ||
| 942 |
_2ddc _cTHE |
||
| 650 |
_aMaterials and Surface Engineering MS-Thesis. _916159 |
||
| 700 |
_aDr. Nasir Mehmood Ahmad. _928362 |
||